| 000 | 00778nam0a22002531 4500 | ||
|---|---|---|---|
| 001 | rc\3673217 | ||
| 005 | 20250610060513.0 | ||
| 021 |
_aRU _b[71-15075] |
||
| 035 | _a(NLR Aleph) 007746766 | ||
| 090 |
_a7219676 _c7219676 |
||
| 100 | _a20130115d1971 |||y0rusy50 ca | ||
| 101 | 0 | _arus | |
| 102 | _aRU | ||
| 105 | _ac z |||a| | ||
| 200 | 1 |
_aЛесной родник _eСтихи |
|
| 210 |
_aЯрославль _cВерх.-Волж. кн. изд-во _d1971 |
||
| 215 |
_a63 с. _cпортр. _d16 |
||
| 225 | 1 | _aМолодые писатели Верхней Волги | |
| 700 | 1 |
_aКонюшев _bК.В. _f1929-1982 _gКапитон Владимирович |
|
| 801 | 0 |
_aRU _bNLR _gpsbo |
|
| 801 | 1 |
_aRU _bELAR _2rusmarc |
|
| 852 |
_aNLR _j71-2/441 |
||
| 942 | _cBOOK | ||
| 980 | _aNB | ||